<?xml version="1.0" encoding="UTF-8"?>
<collection xmlns="http://www.loc.gov/MARC21/slim">
 <record>
  <leader>02177nam a2200325   4500</leader>
  <controlfield tag="001">DLU170180414</controlfield>
  <controlfield tag="005">##20170808</controlfield>
  <datafield tag="020" ind1="#" ind2="#">
   <subfield code="a">8935211125728</subfield>
  </datafield>
  <datafield tag="040" ind1="#" ind2="#">
   <subfield code="a">DLU</subfield>
   <subfield code="b">vie</subfield>
  </datafield>
  <datafield tag="041" ind1="#" ind2="#">
   <subfield code="a">vie</subfield>
  </datafield>
  <datafield tag="044" ind1="#" ind2="#">
   <subfield code="a">vn</subfield>
  </datafield>
  <datafield tag="082" ind1="#" ind2="#">
   <subfield code="a">342.597</subfield>
   <subfield code="b">Bin</subfield>
  </datafield>
  <datafield tag="245" ind1="#" ind2="#">
   <subfield code="a">Bình luận khoa học Luật tố tụng hành chính năm 2010 /</subfield>
   <subfield code="c">Nguyễn Đức Mai biên soạn.</subfield>
  </datafield>
  <datafield tag="260" ind1="#" ind2="#">
   <subfield code="a">H. :</subfield>
   <subfield code="b">Chính trị Quốc gia - Sự thật,</subfield>
   <subfield code="c">2013.</subfield>
  </datafield>
  <datafield tag="300" ind1="#" ind2="#">
   <subfield code="a">520tr. ;</subfield>
   <subfield code="c">24cm.</subfield>
  </datafield>
  <datafield tag="505" ind1="#" ind2="#">
   <subfield code="a">Chương I. Những quy định chung -- Chương II. Thẩm quyền của toà án -- Chương III. Cơ quan tiến hành tố tụng, người tiến hành tố tụng và việc thay đổi người tiến hành tố tụng -- Chương IV. Người tham gia tố tụng, quyền và nghĩa vụ của người tham gia tố tụng -- Chương V. Các biện pháp khẩn cấp tạm thời -- Chương VI. Chứng minh và chứng cứ -- Chương VII. Cấp, tống đạt, thông báo văn bản tố tụng -- Chương VIII. Khởi kiện, thụ lý vụ án -- Chương IX. Chuẩn bị xét xử -- Chương X. Phiên toà sơ thẩm -- Chương XI. Thủ tục giải quyết khiếu kiện về danh sách cử tri bầu cử Đại biểu Quốc hội, danh sách cử tri bầu cử Đại biểu Hội đồng nhân dân</subfield>
  </datafield>
  <datafield tag="505" ind1="#" ind2="#">
   <subfield code="a">Chương XII. Thủ tục phúc thẩm -- Chương XIII. Thủ tục giám đốc thẩm -- Chương XIV. Thủ tục tái thẩm -- Chương XV. Thủ tục đặc biệt xem xét lại quyết định của Hội đồng thẩm phán Toà án Nhân dân tối cao -- Chương XVI. Thủ tục thi hành bản án, quyết định của Toà án về vụ án hành chính -- Chương XVII. Khiếu nại, tố cáo trong tố tụng hành chính -- Chương XVIII. Điều khoản thi hành.</subfield>
  </datafield>
  <datafield tag="650" ind1="#" ind2="#">
   <subfield code="a">Tố tụng và bào chữa (Luật hành chính)</subfield>
  </datafield>
  <datafield tag="700" ind1="#" ind2="#">
   <subfield code="a">Nguyễn Đức Mai,</subfield>
   <subfield code="c">TS.</subfield>
   <subfield code="e">biên soạn.</subfield>
  </datafield>
  <datafield tag="923" ind1="#" ind2="#">
   <subfield code="a">05/2016</subfield>
  </datafield>
  <datafield tag="991" ind1="#" ind2="#">
   <subfield code="a">SH</subfield>
  </datafield>
  <datafield tag="992" ind1="#" ind2="#">
   <subfield code="a">108000</subfield>
  </datafield>
  <datafield tag="994" ind1="#" ind2="#">
   <subfield code="a">DLU</subfield>
  </datafield>
  <datafield tag="900" ind1="#" ind2="#">
   <subfield code="a">True</subfield>
  </datafield>
  <datafield tag="911" ind1="#" ind2="#">
   <subfield code="a">Nguyễn Thanh Hương</subfield>
  </datafield>
  <datafield tag="925" ind1="#" ind2="#">
   <subfield code="a">G</subfield>
  </datafield>
  <datafield tag="926" ind1="#" ind2="#">
   <subfield code="a">A</subfield>
  </datafield>
  <datafield tag="927" ind1="#" ind2="#">
   <subfield code="a">SH</subfield>
  </datafield>
  <datafield tag="980" ind1="#" ind2="#">
   <subfield code="a">Thư viện Trường Đại học Đà Lạt</subfield>
  </datafield>
 </record>
</collection>
